[Energetika - uhlie]

Z obsahu: Uhlie ostáva platným hráčom na európskej energetickej šachovnici. Hoci uhlie nemá najvyššie ambície, vývoj energetickej závislosti Európy hrá v jeho prospech. Elektrárne chcú v Novákoch nový blok. Hnedouholná rovnica na Slovensku má veľa neznámych. Tender má dať Vojanom väčšiu istotu.

Guardado en:
Detalles Bibliográficos
Autor principal: Janoška, Juraj
Otros Autores: Beer, Gabriel
Formato: Capítulo de libro
Lenguaje:eslovaco
Materias:
Etiquetas: Agregar Etiqueta
Sin Etiquetas, Sea el primero en etiquetar este registro!

MARC

LEADER 00000naa$a2200000$$$4500
001 0007617
005 20231009074538.3
041 0 |a slo 
044 |a SK 
245 1 0 |a [Energetika - uhlie]  |c aut. Juraj Janoška, Gabriel Beer 
520 |a Z obsahu: Uhlie ostáva platným hráčom na európskej energetickej šachovnici. Hoci uhlie nemá najvyššie ambície, vývoj energetickej závislosti Európy hrá v jeho prospech. Elektrárne chcú v Novákoch nový blok. Hnedouholná rovnica na Slovensku má veľa neznámych. Tender má dať Vojanom väčšiu istotu. 
610 2 0 |a energetika 
610 2 0 |a uhlie 
610 2 0 |a výroba energie 
610 2 0 |a elektrárne 
610 2 0 |a Európa 
100 1 |a Janoška, Juraj 
700 1 |a Beer, Gabriel